ARRUPE JESUIT UNIVERSITY

CORONAVIRUS -STOP THE SPREAD - CLEAN,DISINFECT,COVER

The essence of Aikidō : (Record no. 130714)

MARC details
000 -LEADER
fixed length control field 01111pam a2200301 a 4500
001 - CONTROL NUMBER
control field 2997792
003 - CONTROL NUMBER IDENTIFIER
control field ARRUPE
005 - DATE AND TIME OF LATEST TRANSACTION
control field 20211007142216.0
008 - FIXED-LENGTH DATA ELEMENTS--GENERAL INFORMATION
fixed length control field 930824s1993 ja a 001 0 eng
010 ## - LIBRARY OF CONGRESS CONTROL NUMBER
LC control number 93034397
020 ## - INTERNATIONAL STANDARD BOOK NUMBER
International Standard Book Number 4770017278 :
Terms of availability $28.00 (U.S.)
040 ## - CATALOGING SOURCE
Original cataloging agency DLC
Transcribing agency DLC
Modifying agency DLC
041 1# - LANGUAGE CODE
Language code of text/sound track or separate title eng
Language code of original and/or intermediate translations of text jpn
050 00 - LIBRARY OF CONGRESS CALL NUMBER
Classification number GV1114.35
Item number .U42 1993
082 00 - DEWEY DECIMAL CLASSIFICATION NUMBER
Classification number 796.8/154
Edition number 20
300 ## - PHYSICAL DESCRIPTION
Other physical details ill. ;
Dimensions 27 cm.
100 1# - MAIN ENTRY--PERSONAL NAME
Personal name Ueshiba, Morihei,
Dates associated with a name 1883-1969.
9 (RLIN) 50339
245 14 - TITLE STATEMENT
Title The essence of Aikidō :
Remainder of title spiritual teachings of Morihei Ueshiba /
Statement of responsibility, etc compiled by John Stevens.
250 ## - EDITION STATEMENT
Edition statement 1st ed.
260 ## - PUBLICATION, DISTRIBUTION, ETC. (IMPRINT)
Place of publication, distribution, etc Tokyo ;
-- New York :
Name of publisher, distributor, etc Kodansha International,
Date of publication, distribution, etc 1993.
300 ## - PHYSICAL DESCRIPTION
Extent 200 p. :
500 ## - GENERAL NOTE
General note Translated from the Japanese.
505 0# - FORMATTED CONTENTS NOTE
Formatted contents note The universe of Aikidō -- Songs of the path -- Morihei's calligraphic legacy -- Misogi-- The art of Aikidō.
650 #0 - SUBJECT ADDED ENTRY--TOPICAL TERM
Topical term or geographic name as entry element Aikido.
9 (RLIN) 50340
700 1# - ADDED ENTRY--PERSONAL NAME
Personal name Stevens, John,
Dates associated with a name 1947-
9 (RLIN) 50341
906 ## - LOCAL DATA ELEMENT F, LDF (RLIN)
a 7
b cbc
c orignew
d 1
e ocip
f 19
g y-gencatlg
942 ## - ADDED ENTRY ELEMENTS (KOHA)
Source of classification or shelving scheme Library of Congress Classification
Koha item type Monograph ( Printed materials)
Holdings
Withdrawn status Lost status Source of classification or shelving scheme Damaged status Not for loan Collection code Home library Current library Shelving location Date acquired Total Checkouts Full call number Barcode Date last seen Price effective from Koha item type
    Library of Congress Classification     Main Collection ARRUPE LIBRARY ARRUPE LIBRARY Main Collection 07/10/2021   GV1114.35 .U42 1993 46600007802 07/10/2021 07/10/2021 Monograph ( Printed materials)

 

Arrupe Library. PO Box MP320 Mt Pleasant, Harare, Zimbabwe
263 242 745411|librarian@aju.ac.zw